• 首页
  • 本馆介绍
  • 公告通知
  • 最新文献
  • 馆藏检索
  • 电子资源
  • 读者导购
  • 参考咨询
  • 我的图书馆
  • 登录
  • 详细信息显示
  • 放入我的书架
  • 预约/预借图书
  • 作者相关作品
  • 分类相关作品
  • 丛书相关作品
  • 出版社相关作品

书目信息

  • 表格格式
  • 工作单格式
  • 卡片格式
题名:
暖暖的女人更美丽
    
 
作者: 潘立敏 编著
分册:  
出版信息: 福州   福建科学技术出版社  2018
页数: 198页
开本: 24cm
丛书名:
单 册:
中图分类: R173
科图分类:
主题词: 女性--nv xing--保健--基本知识
电子资源:
ISBN: 978-7-5335-5424-8
000 01200nam0 2200241 450
001 012001001211
005 20131107161358.0
010    @a978-7-5335-5424-8@dCNY39.80
099    @aCAL 012018042823
100    @a20180102d2018 em y0chiy50 ea
101 0  @achi
102    @aCN@b350000
105    @aa z 000yy
106    @ar
200 1  @a暖暖的女人更美丽@Anuan nuan de nv ren geng mei li@f潘立敏编著
210    @a福州@c福建科学技术出版社@d2018
215    @a198页@c彩图@d24cm
330    @a女性身体属阴, 再加上经、产、胎、带等各种生理活动, 无时无刻不在消耗阳气; 生活中不经意的习惯, 如穿露肩装、露脐装、不穿袜子、喜吃冷饮等, 也会让身体变寒凉, 这就决定了女人的一生将需要更多的阳气来维持平衡, 否则会加速衰老。本书正是针对当下女性普遍忽视的身体受寒问题展开。提醒广大女性留意身体的点滴变化, 审视自己的生活方式, 发现诸多不曾察觉的问题正侵蚀着自己的健康。然后用一点点小改变, 一个个小妙招去化解, 让身体变得暖暖的, 让健康常在, 美丽常在。本书针对每一种由身体受寒引发的问题, 给出了相应的预防和补救措施, 方法简便, 随时能运用。
606 0  @a女性@Anv xing@x保健@x基本知识
690    @aR173@v5
701  0 @a潘立敏@Apan li min@4编著
801  0 @aCN@b北京卓展文化@c20191020
905    @b1197757-60@dR173@e271@f4
    
    暖暖的女人更美丽/潘立敏编著.-福州:福建科学技术出版社,2018
    198页:彩图;24cm
    
    
    ISBN 978-7-5335-5424-8:CNY39.80
    女性身体属阴, 再加上经、产、胎、带等各种生理活动, 无时无刻不在消耗阳气; 生活中不经意的习惯, 如穿露肩装、露脐装、不穿袜子、喜吃冷饮等, 也会让身体变寒凉, 这就决定了女人的一生将需要更多的阳气来维持平衡, 否则会加速衰老。本书正是针对当下女性普遍忽视的身体受寒问题展开。提醒广大女性留意身体的点滴变化, 审视自己的生活方式, 发现诸多不曾察觉的问题正侵蚀着自己的健康。然后用一点点小改变, 一个个小妙招去化解, 让身体变得暖暖的, 让健康常在, 美丽常在。本书针对每一种由身体受寒引发的问题, 给出了相应的预防和补救措施, 方法简便, 随时能运用。
●
相关链接 在E读中查询图书 在五车中查询图书 在当当中查询图书 在豆瓣中查询图书


正题名:暖暖的女人更美丽     索取号:R173/271         预约/预借

序号 登录号 条形码 馆藏地/架位号 状态 备注
1 1197757   211977574   第二样本阅览室/ [索取号:R173/271] 在馆    
2 1197758   211977583   第三借阅区/ [索取号:R173/271] 在馆    
3 1197759   211977592   第三借阅区/ [索取号:R173/271] 在馆    
4 1197760   211977609   第三借阅区/ [索取号:R173/271] 在馆    
唐山师范学院图书馆 欢迎您!
大连网信软件有限公司© 版权所有